Sports Quiz

Random Sports Quiz

Blackburn Rovers shirt sponsors Quiz Stats

 Plays Quiz not verified by Sporcle

Score 0/10 Timer 10:00
0 Plays Today
Year Sponsor % Correct
2008-2011Crown Paints
79.8%
2006-2008Bet24
69.7%
1991-1996McEwan's Lager
63.3%
2011-2012Prince's Trust
58.6%
1996-2000CIS
56.4%
2005-2006Lonsdale
56.4%
2003-2005HSA
51.4%
2002-2003AMD
45.1%
1984-1991Perspex
44.2%
2000-2002Time Computers
41.6%

You're not logged in!

Compare scores with friends on all Sporcle quizzes.
OR
Log In

Show Comments

Extras

Top Quizzes Today


Score Distribution

Your Account Isn't Verified!

In order to create a playlist on Sporcle, you need to verify the email address you used during registration. Go to your Sporcle Settings to finish the process.

Report this User

Report this user for behavior that violates our Community Guidelines.

Details: